000 00968nam a22002897a 4500
001 4579
003 FISKH
005 20240917112823.0
008 240917b cb ||||| |||| 00| 0 eng d
020 _a9780590427920
040 _aFISKH
_beng
_cFISKH
_dFISKH
050 _aPZ7.C678
082 _2813.54
100 _aCollier, Lincoln James & Collier, Christopher
_d(1950-) & (1930-)
245 _aMy brother sam is dead /
_cJames Lincoln Collier & Christopher Collier
250 _a1974
260 _aNew York :
_bScholastic,
_c1974.
300 _a216 pages :
_c18cm
505 _aR
520 _aRecounts the tragedy that strikes the Meeker family during the Revolution when one son joins the rebel forces while the rest of the family tries to stay neutral in a Tory town.
521 8 _a770L
_bLexile
521 8 _aR
_bRaz-Plus
650 _2Historical fiction
_aYoung adult
650 _2Newbery Honor
_aWar
942 _2ddc
_cBK
_n0
999 _c4579
_d4579